Central Library || Chittagong University

Ecosystems , energy ,population ,/ (Record no. 112962)

MARC details
000 -LEADER
fixed length control field 00464nam a22001697a 4500
003 - CONTROL NUMBER IDENTIFIER
control field BD-ChCU
005 - DATE AND TIME OF LATEST TRANSACTION
control field 20260514085859.0
008 - FIXED-LENGTH DATA ELEMENTS--GENERAL INFORMATION
fixed length control field 260514b bg ||||| |||| 00| 0 ben d
040 ## - CATALOGING SOURCE
Transcribing agency BD-ChCU
082 ## - DEWEY DECIMAL CLASSIFICATION NUMBER
Classification number 304.2 TUE
100 ## - MAIN ENTRY--PERSONAL NAME
Personal name Turk , Jonathan
9 (RLIN) 22958
245 ## - TITLE STATEMENT
Title Ecosystems , energy ,population ,/
Statement of responsibility, etc. Jonathan , Turk .
260 ## - PUBLICATION, DISTRIBUTION, ETC.
Place of publication, distribution, etc. Philadelphia :
Name of publisher, distributor, etc. Saunders ,
Date of publication, distribution, etc. C 1975
300 ## - PHYSICAL DESCRIPTION
Extent xi , 296p.
650 #0 - SUBJECT ADDED ENTRY--TOPICAL TERM
Topical term or geographic name entry element Human Ecology .
9 (RLIN) 22959
942 ## - ADDED ENTRY ELEMENTS (KOHA)
Source of classification or shelving scheme Dewey Decimal Classification
Koha item type Books
Suppress in OPAC No
Holdings
Withdrawn status Lost status Source of classification or shelving scheme Damaged status Not for loan Home library Current library Shelving location Date acquired Source of acquisition Total Checkouts Full call number Barcode Date last seen Copy number Price effective from Koha item type
    Dewey Decimal Classification     Chittagong University Library Chittagong University Library Business and Social Science Reading Room 05/14/2026 Purchase   304.2 TUE 121626 05/14/2026 C-1 05/14/2026 Books
    Dewey Decimal Classification     Chittagong University Library Chittagong University Library Business and Social Science Reading Room 05/14/2026 Purchase   304.2 TUE 121627 05/14/2026 C-2 05/14/2026 Books
    Dewey Decimal Classification     Chittagong University Library Chittagong University Library Business and Social Science Reading Room 05/14/2026 Purchase   304.2 TUE 122604 05/14/2026 C-3 05/14/2026 Books
    Dewey Decimal Classification     Chittagong University Library Chittagong University Library Business and Social Science Reading Room 05/14/2026 Purchase   304.2 TUE 122605 05/14/2026 C-4 05/14/2026 Books
    Dewey Decimal Classification     Chittagong University Library Chittagong University Library Business and Social Science Reading Room 05/14/2026 Purchase   304.2 TUE 122606 05/14/2026 C-5 05/14/2026 Books
    Dewey Decimal Classification     Chittagong University Library Chittagong University Library Business and Social Science Reading Room 05/14/2026 Purchase   304.2 TUE 122607 05/14/2026 C-6 05/14/2026 Books
    Dewey Decimal Classification     Chittagong University Library Chittagong University Library Business and Social Science Reading Room 05/14/2026 Purchase   304.2 TUE 122608 05/14/2026 C-7 05/14/2026 Books
© Copyright 2026. Chittagong University Library, Installation and Maintenance by Prof. Dr. Md. Alamgir, 01711306253